Un enfoque generativista sobre el uso del "que" en las cláusulas relativas del español
Guardado en:
| Hovedforfatter: | |
|---|---|
| Format: | Bog |
| Sprog: | Undetermined |
| Udgivet: |
San José, Costa Rica
Universidad de Costa Rica, Sistema de Estudios de Posgrado
1997
|
| Fag: | |
| Tags: |
Tilføj Tag
Ingen Tags, Vær først til at tagge denne postø!
|
MARC
| LEADER | 00000nam a2200000Ia 4500 | ||
|---|---|---|---|
| 008 | 170316s9999 xx 000 0 und d | ||
| 999 | |c 30839 |d 30839 | ||
| 040 | |a cru BVZT | ||
| 090 | |a TESIS 833 | ||
| 100 | |a Bratti Verdejo, María Antonieta | ||
| 245 | |a Un enfoque generativista sobre el uso del "que" en las cláusulas relativas del español | ||
| 260 | |a San José, Costa Rica |b Universidad de Costa Rica, Sistema de Estudios de Posgrado |c 1997 | ||
| 300 | |a 121 páginas | ||
| 650 | |a MAGISTER LINGUISTICAE | ||
| 650 | |a TRABAJO FINAL DE GRADUACIÓN |9 237 | ||
| 650 | 0 | |a LINGÜÍSTICA |9 55 | |
| 942 | |c TFG |h TESIS 833 |2 z | ||
